000 00561ntaaa2200205 4500
003 01
005 20251027201048.0
008 0714s1973 ag 01
040 _aAR-BaBN
_bspa
_cAR-BaBN
_eaacr
_dRIC
082 _a190 C27
100 _aCassirer, Ernst
245 _aRousseau, Kant, Goethe /
_cErnst Cassirer
250 _a1 ed.
300 _axvii, 98 p.
500 _aEstudio de la filosofĂ­a de Rousseau, Kant y Goethe.
650 _aFilosofĂ­a
650 _aKant, Emmanuel (1724-1804)
_98025
650 _aGoethe, J. Wolgang (1749-1832)
_98026
942 _cBK
999 _c4770
_d4770